Einfluss des Fremdsprachenunterrichts auf die Entwicklung der Berufsfähigkeit von Studierenden

Moderné vzdelávanie by malo rozvíjať nie len profesionálnu, ale aj personálnu stránku študenta. Popis viacerých oblastí, ako vzdelanie môže rozvíjať študenta.

Na minha lista:
Detalhes bibliográficos
Autor principal: Kunovská, Ingrid, 1976-
Formato: Capítulo de Livro
Idioma:alemão
Assuntos:
Tags: Adicionar Tag
Sem tags, seja o primeiro a adicionar uma tag!

MARC

LEADER 00000naa$a2200000$$$4500
001 0296413
005 20250506075948.9
041 0 |a ger 
044 |a DE 
245 1 0 |a Einfluss des Fremdsprachenunterrichts auf die Entwicklung der Berufsfähigkeit von Studierenden  |c Ingrid Kunovská 
520 |a Moderné vzdelávanie by malo rozvíjať nie len profesionálnu, ale aj personálnu stránku študenta. Popis viacerých oblastí, ako vzdelanie môže rozvíjať študenta. 
610 2 0 |a kompetencie 
610 2 0 |a vzdelávanie 
610 2 0 |a jazyky cudzie 
610 2 0 |a univerzity 
100 1 |a Kunovská, Ingrid, 1976-